| 000 | 00324nam a22001217a 4500 | ||
|---|---|---|---|
| 999 |
_c15731 _d15731 |
||
| 003 | OSt | ||
| 008 | 190925b ||||| |||| 00| 0 eng d | ||
| 082 |
_a620.100321 _bPAR/ME |
||
| 100 |
_aParker, Sybil P. _91556 |
||
| 245 | _aMechanical and design engineering | ||
| 260 |
_aNew York _bMcGraw-Hill Book Company _c1986 |
||
| 942 | _cBK | ||